Transformadores

Saved in:
書目詳細資料
主要作者: Singer, Francisco L (Author)
格式: 圖書
語言:西班牙语
出版: Barcelona Hispanoamericana 1951
Barcelona Marcombo 1951
版:2a. ed
主題:
標簽: 添加標簽
沒有標簽, 成為第一個標記此記錄!

MARC

LEADER 00000nam a2200000 a 4500
001 UCU6022
003 CL-VaPUC
008 960614e19510000sp |||||||||||||||||spa|d
082 0 4 |a 621.314  |b SIN  |2 21 
100 0 |a Singer, Francisco L  |e author  |9 364137 
245 1 0 |a Transformadores 
250 |a 2a. ed 
300 |a 274 p 
942 |c BK 
945 |d 19960614 00:00:00  |a lriquelm 
260 |a Barcelona  |b Hispanoamericana  |c 1951 
260 |a Barcelona  |b Marcombo  |c 1951 
650 0 |a Transformadores  |9 345471 
650 7 |a CONVERTIDORES ELECTRICOS  |2 CL-VaPUC  |9 345464 
650 7 |a TECNOLOGIA ELECTRICA  |2 CL-VaPUC  |9 336952 
650 0 |a Corrientes eléctricas   |9 354960 
583 |a last modification  |c 20171017 02:46:52  |k Rodrigo Vera 
999 |c 249110  |d 249108 
952 |0 0  |1 0  |4 0  |6 621_314000000000000_SIN_1951_1951  |7 0  |8 A  |9 266151  |a BIBING  |b BIBING  |d 2019-11-19  |i 1678841  |o 621.314 SIN 1951 1951  |p 1678841  |r 2025-01-20  |w 2019-11-19  |y BK  |k EIE